000 00455nam a22001697a 4500
003 OSt
005 20260127055611.0
008 260127b |||||||| |||| 00| 0 eng d
020 _a9780312546854
040 _aDWCL-Main Lib
_cOC
082 _aFic. G457 2010
100 _aGiffin, Emily
245 _aHeart of the matter : a novel
260 _aNew York :
_bSt. Martin's Paperbacks,
_cc2010.
300 _a327 pages. :
_c17 cm.
942 _2ddc
_cFIC.
_mFic.
_n0
999 _c7871
_d7871